The cliffs / J. Courtney Sullivan.
Available copies
- 1 of 1 copy available at LARL/NWRL Consortium. (Show)
- 1 of 1 copy available at Northwest Regional Library.
Current holds
0 current holds with 1 total copy.
View other formats and editions
Show Only Available Copies
| Location | Call Number / Copy Notes | Barcode | Shelving Location | Status | Due Date |
|---|---|---|---|---|---|
| Thief River Falls Public Library | lp SUL (Text) | 35500006796708 | Main | Available | - |
Record details
- ISBN: 9780593946770
- ISBN: 0593946774
- Physical Description: 597 pages (large print) ; 24 cm.
- Edition: First large print edition.
- Publisher: New York : Random House Large Print, [2024]
- Copyright: ©2024
Content descriptions
| Summary, etc.: | A Harvard archivist, returning to Maine after a ... Read More |
Search for related items by subject
| Subject: | Women archivists > Fiction. Haunted houses > Fiction. Spirit possession > Fiction. Ghosts > Fiction. Maine > Fiction. |
| Genre: | Large print books. Large print books. Novels. |
| LDR | 02047cam a2200505 i 4500 | ||
|---|---|---|---|
| 001 | 441142 | ||
| 003 | LARL_NWRL_CONSORTIUM | ||
| 005 | 20240709151632.0 | ||
| 008 | 240626r20242024nyu ed 000 1 eng d | ||
| 040 | . | ‡aIEP ‡beng ‡erda ‡cIEP ‡dGP5 ‡dOCLCO ‡dYU6 ‡dINO | |
| 020 | . | ‡a9780593946770 ‡q(paperback) ; ‡q(large print) | |
| 020 | . | ‡a0593946774 ‡q(paperback) ; ‡q(large print) | |
| 035 | . | ‡a(OCoLC)1442517301 | |
| 082 | 0 | 4. | ‡a813/.6 ‡223/eng/20240621 |
| 100 | 1 | . | ‡aSullivan, J. Courtney, ‡eauthor. ‡1https://id.oclc.org/worldcat/entity/E39PBJppG9fBWhbBjDTtgkKDbd ‡0(LARL_NWRL_CONSORTIUM)195915 |
| 245 | 1 | 4. | ‡aThe cliffs / ‡cJ. Courtney Sullivan. |
| 250 | . | ‡aFirst large print edition. | |
| 264 | 1. | ‡aNew York : ‡bRandom House Large Print, ‡c[2024] | |
| 264 | 4. | ‡c©2024 | |
| 300 | . | ‡a597 pages (large print) ; ‡c24 cm. | |
| 336 | . | ‡atext ‡btxt ‡2rdacontent | |
| 337 | . | ‡aunmediated ‡bn ‡2rdamedia | |
| 338 | . | ‡avolume ‡bnc ‡2rdacarrier | |
| 340 | . | ‡nlarge print ‡2rdafs | |
| 520 | . | ‡aA Harvard archivist, returning to Maine after a terrible mistake, Jane is hired to research the history of a Victorian house and the women who lived there, uncovering a story of lost lovers, romantic longing, shattering loss and the long shadow of colonialism that is even older than Maine itself. | |
| 650 | 0. | ‡aWomen archivists ‡vFiction. | |
| 650 | 0. | ‡aHaunted houses ‡vFiction. ‡0(LARL_NWRL_CONSORTIUM)165558 | |
| 650 | 0. | ‡aSpirit possession ‡vFiction. | |
| 650 | 0. | ‡aGhosts ‡vFiction. ‡0(LARL_NWRL_CONSORTIUM)176019 | |
| 651 | 0. | ‡aMaine ‡vFiction. ‡0(LARL_NWRL_CONSORTIUM)166017 | |
| 655 | 0. | ‡aLarge print books. | |
| 655 | 7. | ‡aLarge print books. ‡2lcgft | |
| 655 | 7. | ‡aNovels. ‡2lcgft | |
| 901 | . | ‡a441142 ‡bAUTOGEN ‡c441142 ‡tbiblio | |

Add to basket
Permalink
Disable Highlighting